Chargement en cours...

Indian swathanthryasamaram

Détails bibliographiques
Auteur principal: Kuttanad
Publié: NBS
LEADER 00180 a2200097 4500
020
260 |b NBS 
942 |c BK  |6 _ 
245 |a Indian swathanthryasamaram 
100 |a Kuttanad 
999 |c 62146  |d 62146